000 00528nam a2200181Ia 4500
999 _c16627
_d16627
003 OSt
005 20200606115950.0
008 190216s9999||||xx |||||||||||||| ||und||
020 _a8188286303
040 _cMESKC library
082 _a089
_bBHA/V
100 _aBhatia, Sudarshan
_9295
245 0 _aViswaprasidha Sant Aur Unke Disha Nirdesh /
_cSudarshan Bhatia
260 _bNathya India Publishers,
_c2009.
_aDelhi:
300 _a136p
650 _aHindi
942 _cBK
_2ddc
_h089
_iBHA/V
_k089
_mBHA/V